01935cam a2200349 i 450000100090000000300040000900500170001300800410003001000170007102000360008802000330012402000450015702000420020204000270024404200080027105000150027908200120029410000270030624500590033324600270039225000120041926400500043130000620048133600210054333700250056433800230058950400200061250508940063265000220152665000190154870000180156718807622OSt20230327105457.0151005t20172017caua 001 0 eng  a 2015035194 a9780134156415 (student edition) a0134156412 (student edition) a9780134213361 (instructor's review copy) a013421336X (instructor's review copy) aDLCbengcLCerdadDLC apcc00aQP34.5.M4500a6122231 aMarieb, Elaine Nicpon,10aAnatomy & physiology /cElaine N. Marieb, Katja Hoehn.3 aAnatomy and physiology a6th ed. 1aSan Francisco, CA:bPearson Education,c2017. a1 volume (various pagings):bcolor illustrations ;c29 cm atext2rdacontent aunmediated2rdamedia avolume2rdacarrier aIncludes index. aContents: The Human body: an orientation -- Chemistry comes alive -- Cells: the living units -- Tissue: the living fabric -- The Integumentary system -- Bones and skeletal tissues -- The Skeleton -- Joints -- Muscles and muscle tissue -- The Muscular system -- Fundamentals of the nervous system and nervous tissue -- The Central nervous system -- The Peripheral nervous system and reflex activity -- The Autonomic nervous system -- The Endocrine system -- Blood -- The Cardiovascular system: the heart -- The Cardiovascular system: the heart -- The Cardiovascular system: blood vessels -- The Lymphatic system and lymphoid organs and tissues -- The Immune system: innate and adaptive body defenses -- The Respiratory system -- The Digestive system -- Nutrition, metabolism and energy balance -- The Urinary system -- Fluid, electrolyte and acid-base balance -- The Reproductive system --  0aHuman physiology. 0aHuman anatomy.1 aHoehn, Katja.